书目信息 |
| 题名: |
离散数学
|
|
| 作者: | 李盘林 , 徐喜荣 , 李丽双 , 赵铭伟 编著 | |
| 分册: | ||
| 出版信息: | 北京 人民邮电出版社 2009.04 |
|
| 页数: | 252页 | |
| 开本: | 26cm | |
| 丛书名: | 21世纪高等学校计算机规划教材 | |
| 单 册: | ||
| 中图分类: | O158 | |
| 科图分类: | ||
| 主题词: | 离散数学--高等学校--教材 | |
| 电子资源: | ||
| ISBN: | 978-7-115-19525-8 | |
| 000 | 01133nam 2200325 450 | |
| 001 | 0011169935 | |
| 005 | 20100601144817.43 | |
| 010 | @a978-7-115-19525-8@dCNY28.00 | |
| 100 | @a20100515d2009 em y0chiy0110 ea | |
| 101 | 0 | @achi |
| 102 | @aCN@b110000 | |
| 105 | @aa z 000yy | |
| 200 | 1 | @a离散数学@Ali san shu xue@d= Discrete mathematics@f李盘林等编著@zeng |
| 205 | @a第2版 | |
| 210 | @a北京@c人民邮电出版社@d2009.04 | |
| 215 | @a252页@c图@d26cm | |
| 225 | 2 | @a21世纪高等学校计算机规划教材@i名家系列 |
| 304 | @a编著者还有:赵铭伟、徐喜荣、李丽双 | |
| 330 | @a本书共12章,内容包括命题逻辑、谓词逻辑、集合、关系、函数、代数结构的概念及性质、半群与群、环和域、格与布尔代数、图的概念与表示、几类重要的图以及数论。 | |
| 410 | 0 | @12001 @a21世纪高等学校计算机规划教材 |
| 411 | 0 | @12001 @a名家系列 |
| 510 | 1 | @aDiscrete mathematics@zeng |
| 606 | 0 | @a离散数学@x高等学校@j教材 |
| 690 | @aO158@v4 | |
| 701 | 0 | @a李盘林@Ali pan lin@4编著 |
| 701 | 0 | @a徐喜荣@Axu xi rong@4编著 |
| 701 | 0 | @a李丽双@Ali li shuang@4编著 |
| 701 | 0 | @a赵铭伟@Azhao ming wei@4编著 |
| 801 | 0 | @aCN@c20100515 |
| 905 | @dO158@eL220-2=2@f3 | |
| 离散数学= Discrete mathematics/李盘林等编著.-第2版.-北京:人民邮电出版社,2009.04 |
| 252页:图;26cm.-(21世纪高等学校计算机规划教材.名家系列) |
| ISBN 978-7-115-19525-8:CNY28.00 |
| 本书共12章,内容包括命题逻辑、谓词逻辑、集合、关系、函数、代数结构的概念及性质、半群与群、环和域、格与布尔代数、图的概念与表示、几类重要的图以及数论。 |
| ● |
| 相关链接 |
|
|
|
正题名:离散数学
索取号:O158/L220-2=2
 
预约/预借
| 序号 | 登录号 | 条形码 | 馆藏地/架位号 | 状态 | 备注 |